| 000 | 00578nam a22001817a 4500 | ||
|---|---|---|---|
| 003 | CEME | ||
| 005 | 20210628201931.0 | ||
| 008 | 210208b xxu||||| |||| 00| 0 eng d | ||
| 020 | _a81-203-2526-5 | ||
| 040 | _c. | ||
| 082 | _a620.11 NII | ||
| 100 |
_aNiit _95329 |
||
| 245 | _aProperties and applications of engineering materials ,metals, alloys, polymers, ceramics and composites | ||
| 260 |
_aNEW DELHI _bPRENTICE HALL OF INDIA _c2004 |
||
| 300 | _aVII,278P | ||
| 650 |
_aENGINEERING MATERIALS.METALS, ALLOYS, POLYMERS, CERAMICS AND COMPOSITES _957481 |
||
| 942 |
_cBK _2ddc |
||
| 999 |
_c567759 _d567759 |
||